|
|
|
|
| LEADER |
00000nam a22000007i 4500 |
| 001 |
IT\ICCU\RAV\1265431 |
| 003 |
ItRI |
| 005 |
20260115232440.0 |
| 008 |
041104s2003 it |||||| ||||| |||||c |
| 040 |
|
|
|b ita
|c importazione bologna sebina
|
| 041 |
|
7 |
|a ita
|2 ISO-639-2
|
| 245 |
0 |
0 |
|a Ravenna for art /
|c a cura di Scilla Cicognani ; [testi di Alberto Zanchetta, Enrico Lain].
|
| 300 |
|
|
|a [30] c. :
|b ill. ;
|c 21x21 cm
|
| 500 |
|
|
|a Catalogo mostra, Ravenna, Galleria Ninapì.
|
| 700 |
1 |
|
|a Cicognani, Scilla
|0 IT\ICCU\RAVV\362121
|
| 700 |
1 |
|
|a Lain, Enrico
|0 IT\ICCU\RAVV\401777
|
| 700 |
1 |
|
|a Zanchetta, Alberto
|0 IT\ICCU\UBOV\633440
|
| 942 |
|
|
|2 ddc
|c BK
|n 0
|
| 952 |
|
|
|0 0
|1 0
|4 0
|6 DOC_709_454000000000000_RAV
|7 0
|9 25952
|a BO
|b BO
|d 2026-01-15
|i 7726
|l 0
|o DOC 709.454 RAV
|p BO7726
|r 2026-01-15 23:24:40
|w 2026-01-15
|x [Sebina 7] [1 v.]
|y BK
|z 1 v.
|
| 999 |
|
|
|c 21987
|d 21987
|